000
00219nam a2200109Ia 4500
100
_a
#N/A
942
_c
BK
654
_a
production
245
_a
Production & operations management
260
_b
#N/A
546
_a
ENGLISH
999
_c
30867
_d
30867